Statistics for People by Their Names In Cyrillic Script

Click here to take the quiz!

General Stats

  • This quiz has been taken 927 times
    (860 since last reset)
  • The average score is 20 of 28

Answer Stats

КиррилицаEnglish% Correct
Владимир ЛенинVladimir Lenin
99%
Иосиф СталинJoseph Stalin
97%
Владимир ПутинVladimir Putin
95%
Лев ТолстойLeo Tolstoy
93%
Юрий ГагаринYuri Gagarin
88%
Михаил ГорбачёвMikhail Gorbachev
81%
Пётр Ильич ЧайковскийPyotr Ilyich Tchaikovsky
81%
Иван ПавловIvan Pavlov
78%
Гарри КаспаровGarry Kasparov
77%
Владимир НабоковVladimir Nabokov
76%
Дмитрий МенделеевDmitri Mendeleev
74%
Борис ЕльцинBoris Yeltsin
73%
Игорь СтравинскийIgor Stravinsky
72%
Леонид БрежневLeonid Brezhnev
71%
Никита ХрущёвNikita Khrushchev
71%
Лев ТроцкийLeon Trotsky
70%
Вячеслав МолотовVyacheslav Molotov
68%
Борис ПастернакBoris Pasternak
65%
Фёдор ДостоевскийFyodor Dostoevsky
65%
Дмитрий МедведевDmitry Medvedev
63%
Иван ГрозныйIvan the Terrible
63%
Николай ГогольNikolai Gogol
62%
Александр ПушкинAlexander Pushkin
61%
Нұрсұлтан НазарбаевNursultan Nazarbayev
57%
Валентина ТерешковаValentina Tereshkova
57%
Михаил КалашниковMikhail Kalashnikov
54%
Максим ГорькийMaxim Gorky
47%
Модест МусоргскийModest Mussorgsky
47%

Score Distribution

Percentile by Number Answered

Percent of People with Each Score

Your Score History

You have not taken this quiz since the last reset